Postharvest : an introduction to the physiology and handling of fruit and vegetables /

Saved in:
Bibliographic Details
Main Author: Wills, R. H. H.
Other Authors: Wills, R. B. H. (Ronald Baden Howe)
Format: Book
Language:English
Published: Kensington, N.S.W. : New South Wales University Press, c1981.
Subjects:
LEADER 01404cam a2200361 a 4500
001 c000398054
003 CARM
005 20140922112022.0
008 140922s1981 xnaa b 001 0 eng d
019 1 |a 69841607  |5 LACONCORD2021 
020 |a 0870554026 
035 |a (OCoLC)8216505  |5 LACONCORD2021 
040 |a XPPD  |b eng  |c XPPD 
042 |a anuc 
082 0 4 |a 635.04  |2 23 
100 1 |a Wills, R. H. H. 
245 1 0 |a Postharvest :  |b an introduction to the physiology and handling of fruit and vegetables /  |c R.B.H. Wills ... [et al.]. 
260 |a Kensington, N.S.W. :  |b New South Wales University Press,  |c c1981. 
300 |a 161 p. :  |b ill. ;  |c 22 cm. 
504 |a Includes bibliographies and index. 
500 |a First printed: 1981; second edition published in 1982 by AVI Publishing Company, Westport, Conn. 
650 0 |a Fruit  |x Handling. 
650 0 |a Vegetables  |x Handling. 
650 0 |a Fruit  |x Physiology. 
650 0 |a Vegetables  |x Physiology. 
650 0 |a Vegetables  |x Storage. 
650 0 |a Fruit  |x Storage. 
700 1 |a Wills, R. B. H.  |q (Ronald Baden Howe) 
852 8 |b CARM  |p 0606820  |f BK 
852 8 |b SCAN  |h A3:AG02B0  |i B12323  |p 0606820  |f BK 
999 f f |i d5440765-f794-5429-92f6-5d43f0573f23  |s 3fafd465-6305-54d2-afd7-bf1531664686 
952 f f |p Can circulate  |a CAVAL  |b CAVAL  |c CAVAL  |d CARM 1 Store  |i book  |m 0606820 
952 f f |a CAVAL  |b CAVAL  |c CAVAL  |d Unmapped Location  |e B12323  |f A3:AG02B0  |h Other scheme